| 000 | 00549nam a22002057a 4500 | ||
|---|---|---|---|
| 005 | 20230529054153.0 | ||
| 008 | 221203b |||||||| |||| 00| 0 eng d | ||
| 020 | _a978-1-64172-323-7 | ||
| 082 | _a641.56 B955 2020 | ||
| 100 |
_aBurgess, Kiera _eauthor |
||
| 245 |
_aCooking and baking for special diets / _cKiera Burgess |
||
| 260 |
_aNew York: _bLarsen & Keller, _cc2020. |
||
| 300 |
_aviii, 195p.; _bcol. ill. |
||
| 504 | _aIncludes index | ||
| 541 | _e6724 | ||
| 650 | _aCooking | ||
| 650 | _aBaking | ||
| 650 | _aFood | ||
| 650 | _aDiet | ||
| 999 |
_c296 _d296 |
||